Logos with 'A' Quiz Stats

 Plays Quiz Updated Dec 1, 2015

Also try: 'Brand X' Logos
Challenge
Share
Tweet
Score 0/20 Timer 04:00
8 Plays Today
Company % Correct
Yahoo!
87.4%
Subway
80.2%
Atari
78.3%
Amazon
69%
Asics
62.8%
Adobe
62.4%
Sears
58.9%
Adidas
52.9%
Sega
47.8%
Chick-fil-A
39.2%
Company % Correct
Facebook
32.3%
AMC Theatres
30.9%
Puma
29.7%
Canon Inc.
25.5%
Walmart
17.7%
eBay
16.6%
Coca-Cola
15.9%
Kool-Aid
9.2%
Visa
8.5%
Taco Bell
5.2%

You're not logged in!

Compare scores with friends on all Sporcle quizzes.
Join for Free
OR
Log In

You Might Also Like...

Show Comments

Extras

Top Quizzes Today


Score Distribution

Your Account Isn't Verified!

In order to create a playlist on Sporcle, you need to verify the email address you used during registration. Go to your Sporcle Settings to finish the process.

Report this User

Report this user for behavior that violates our Community Guidelines.

Details: